000 00766nam a2200121Ia 4500
008 220620s9999||||xx |||||||||||||| ||und||
245 0 _aGeografi, kunnskap, vitenskap
_bDen regionale UH-sektorens framvekst og betydning
546 _aEnglish[eng]
650 _aregions||universities||geografi||higher education||regional politics||regioner||UH-sektoren||høyere utdanning||nasjonal utvikling
700 _aKnudsen, Jon P.||Lauvdal, Torunn
856 _uhttps://library.oapen.org/bitstream/20.500.12657/24571/1/Geografi_PDF.pdf||https://library.oapen.org/bitstream/20.500.12657/24571/1/Geografi_PDF.pdf||https://library.oapen.org/bitstream/20.500.12657/24571/1/Geografi_PDF.pdf||https://library.oapen.org/bitstream/20.500.12657/24571/1/Geografi_PDF.pdf
942 _cEB
999 _c26538
_d26538